| 000 | 00343nab a22001097u 4500 | ||
|---|---|---|---|
| 008 | 130520b1988 xxu||||| |||| 00| 0 spa d | ||
| 041 | _aspa | ||
| 100 | 1 |
_aObdeijn, H. _967445 |
|
| 245 | 0 | 0 |
_aCristianismo y colonización en Africa en los siglos XIX y XX _cH. Obdeijn |
| 773 | 0 |
_tConcilium _gV.2,1988,págs.489-494 _x0210-1041 _wRev134 |
|
| 942 | _cAR | ||
| 999 |
_c355425 _d355425 |
||